The great commission for today. (Record no. 10186)

000 -LEADER
fixed length control field 00701nam a2200205 a 4500
001 - CONTROL NUMBER
control field :::00007971$&:&@@
003 - CONTROL NUMBER IDENTIFIER
control field OkBaRHE
005 - DATE AND TIME OF LATEST TRANSACTION
control field 20000607103340.0
008 - FIXED-LENGTH DATA ELEMENTS--GENERAL INFORMATION
fixed length control field s1976 j 000 0 eng u
020 ## - INTERNATIONAL STANDARD BOOK NUMBER
International Standard Book Number 0877846464
040 ## - CATALOGING SOURCE
Transcribing agency
100 1# - MAIN ENTRY--PERSONAL NAME
Personal name Howard, David M.
245 14 - TITLE STATEMENT
Title The great commission for today.
Statement of responsibility, etc David M. Howard.
260 ## - PUBLICATION, DISTRIBUTION, ETC. (IMPRINT)
Place of publication, distribution, etc Downers Grove, IL., :
Name of publisher, distributor, etc InterVarsity Press
Date of publication, distribution, etc c1976
300 ## - PHYSICAL DESCRIPTION
Extent 112 p. ;
Dimensions 21 cm.
650 ## - SUBJECT ADDED ENTRY--TOPICAL TERM
Topical term or geographic name as entry element Great Commission (Bible)
942 ## - ADDED ENTRY ELEMENTS (KOHA)
Source of classification or shelving scheme
Koha item type Books
Copies
Date acquired Lost status Koha item type Withdrawn status Damaged status Copy number Shelving location Permanent Location Barcode Price effective from Source of classification or shelving scheme Not for loan Full call number Date last seen
2010-04-14 Books  1General StacksRHEMA Bible Training College79712010-04-14  BV 2074 .H682010-04-14
2010-04-14 Books  2General StacksRHEMA Bible Training College158142010-04-14  BV 2074 .H682010-04-14